| 000 | 01064cam a22003254a 4500 | ||
|---|---|---|---|
| 001 | 15599565 | ||
| 005 | 20170105102840.0 | ||
| 008 | 090127s2009 ii b 001 0 eng | ||
| 010 | _a 2009341135 | ||
| 020 | _a9780415483216 | ||
| 025 | _aI-E-2009-341135; 63-08 | ||
| 037 |
_bLibrary of Congress -- New Delhi Overseas Office _cRs595.00 |
||
| 040 |
_aDLC _cDLC _dDLC |
||
| 042 | _alcode | ||
| 043 | _aaz----- | ||
| 050 | 0 | 0 |
_aHV6433.S64 _bS64 2009 |
| 082 | _a363.325 | ||
| 245 | 0 | 0 |
_aSouth Asia, the spectre of terrorism / _ceditors, P.R. Kumaraswamy, Ian Copland. |
| 260 |
_aNew Delhi : _bRoutledge, _c2009. |
||
| 300 |
_a193 p. ; _c25 cm. |
||
| 504 | _aIncludes bibliographical references and index. | ||
| 520 | _aContributed articles. | ||
| 650 | 0 |
_aTerrorism _zSouth Asia. |
|
| 700 | 1 | _aKumaraswamy, P. R. | |
| 700 | 1 |
_aCopland, Ian, _d1943- |
|
| 856 | 4 | 1 |
_3Table of contents only _uhttp://www.loc.gov/catdir/toc/fy0903/2009341135.html |
| 906 |
_a7 _bcbc _corigode _d3 _encip _f20 _gy-gencatlg |
||
| 942 |
_2ddc _cBK |
||
| 999 |
_c13851 _d13851 |
||